Substance Abuse as Symptom : (Record no. 603354)

MARC details
000 -LEADER
fixed length control field 00444nam a2200181 a 4500
008 - FIXED-LENGTH DATA ELEMENTS--GENERAL INFORMATION
fixed length control field 251221s1991##################000#0#eng##
020 ## - INTERNATIONAL STANDARD BOOK NUMBER
ISBN 0881631027
082 04 - DEWEY DECIMAL CLASSIFICATION NUMBER
Classification number 616.86
Item number BER
245 10 - TITLE STATEMENT
Title Substance Abuse as Symptom :
260 ## - PUBLICATION, DISTRIBUTION, ETC. (IMPRINT)
Name of publisher Routledge,
Year of publication 1991.
300 ## - PHYSICAL DESCRIPTION
Number of Pages 259 pages
650 #0 - SUBJECT ADDED ENTRY--TOPICAL TERM
Topical Term Medical.
942 ## - ADDED ENTRY ELEMENTS (KOHA)
Koha item type English Books
Holdings
Withdrawn status Lost status Damaged status Not for loan Home library Current library Shelving location Date acquired Full call number Accession Number Price effective from Koha item type
        Anna Centenary Library Anna Centenary Library 5TH FLOOR, B WING 21.12.2025 616.86 BER 143742 21.12.2025 English Books

Find us on the map